| 000 | 00542nam a2200157 a 4500 | ||
|---|---|---|---|
| 001 | 000016820 | ||
| 005 | 20250116163337.0 | ||
| 008 | 100310s2000 dr ad 001 0 spa d | ||
| 040 |
_aDO-SdBNP _bspa _cBNPHU |
||
| 082 |
_axxxx _bR426s |
||
| 110 | 1 |
_aRepública Dominicana. _bSecretaría de Estado de Educación y Cultura _918697 |
|
| 245 | 1 | 0 | _aDepartamento gestión de personal 1996 - 2000 /. |
| 260 |
_aSanto Domingo : _bDirección general de Recursos Humano, _c2000. _fCentenario |
||
| 300 |
_a103 p. : _bil., gráf. ; _c28 cm. |
||
| 049 | _aBNPD | ||
| 999 |
_c16352 _d16352 |
||